Vývoj na slovenskom kapitálovom trhu za uplynulý rok a jeho očakávaný vývoj

Vývoj kapitálového trhu v SR v r. 1996. Prílev investorov. Rast hodnoty SAX indexu. Cenový vývoj najobchodovanejších spoločností. Vývoj stredoeurópskych indexov (SR, ČR, Poľsko, Maďarsko).

Salvato in:
Dettagli Bibliografici
Autore principale: Mangunda, Z.
Natura: Capitolo di libro
Lingua:slovacco
Soggetti:
Tags: Aggiungi Tag
Nessun Tag, puoi essere il primo ad aggiungerne!!

MARC

LEADER 00000naa a2200000 4500
001 r025359
005 20230426110338.1
041 0 |a slo 
044 |a SK 
245 1 0 |a Vývoj na slovenskom kapitálovom trhu za uplynulý rok a jeho očakávaný vývoj  |c Z. Mangunda 
520 |a Vývoj kapitálového trhu v SR v r. 1996. Prílev investorov. Rast hodnoty SAX indexu. Cenový vývoj najobchodovanejších spoločností. Vývoj stredoeurópskych indexov (SR, ČR, Poľsko, Maďarsko). 
610 2 0 |a trh kapitálový 
610 2 0 |a Slovensko 
610 2 0 |a 1996 
610 2 0 |a indexy burzové 
610 2 0 |a obchody burzové 
610 2 0 |a SAX 
100 1 |a Mangunda, Z.